| 000 | 01219cab a2200205 4500 | ||
|---|---|---|---|
| 001 | ABS37516 | ||
| 008 | 090401t1987 xxu||||| |||| 00| 0 eng d | ||
| 035 | _a(Sirsi) u5047 | ||
| 041 | _aeng | ||
| 100 | _aBright, S.J. | ||
| 245 | _aContinuing liability | ||
| 260 | _c1987 | ||
| 350 | _a0 | ||
| 490 |
_aLaw Society`s Gazette _v84 (9) 4 March 1987, 642-643 (2) |
||
| 520 | _aUnder the doctrine of privity of contract , an original tenant remains liable to the original landlord throughout the term of the lease of a property , whether or not the tenant has ceased to occupy the property. Recognising the unfairness of the present system the Law Commission has published a working paper. Suggested reforms include abrogation of privity of contract and differentiating between residential and commercial lettings. Also looks at reforms not considered by the Law Commssion such as the possibility of the original tenant insuring against future claims and negotiating a variation in the lease so that the tenant`s liability will cease when he ceases to have an interest in the property. | ||
| 650 | _aLAW COMMISSION WORKING PAPER NO 95 | ||
| 690 | _aPROPERTY-LANDLORD AND TENANT | ||
| 942 | _n0 | ||
| 948 | _c04/03/1997 | ||
| 999 |
_c3031 _d3031 |
||